[Event "Maastricht Limburg op-C 5th"]
[Site "Maastricht"]
[Date "2011.06.13"]
[Round "6"]
[White "Geene, Patrick"]
[Black "De Ridder, Gertie"]
[Result "1-0"]
[WhiteElo "1531"]
[BlackElo "1020"]
[PlyCount "67"]
[EventDate "2011.06.10"]
[EventType "swiss"]
[EventRounds "7"]
[EventCountry "NED"]
[SourceTitle "EXT 2012"]
[Source "ChessBase"]
[SourceDate "2011.11.24"]
[SourceVersion "1"]
[SourceVersionDate "2011.11.24"]
[SourceQuality "1"]

1. e4 e5 2. Nf3 Nc6 3. Bc4 Nf6 4. d3 Bc5 5. Nc3 d6 6. Bg5 0-0 7. Nd5 Be6 8. Nxf6+ gxf6 9. Bh6 Re8 10. Bb3 d5 11. Nd2 Kh8 12. exd5 Bxd5 13. Bxd5 Qxd5 14. Ne4 f5 15. Nxc5 Qxg2 16. Rf1 e4 17. Kd2 Nd4 18. Be3 Nf3+ 19. Kc1 Rad8 20. Nb3 Rd6 21. d4 Red8 22. c3 Qxh2 23. Nd2 Qg2 24. Nxf3 exf3 25. Rg1 Qh3 26. Rg3 Qh5 27. Qxf3 Qxf3 28. Rxf3 Rg6 29. Kd2 h5 30. Rxf5 h4 31. Rh5+ Kg7 32. Rxh4 Rh8 33. Rah1 Rxh4 34. Rxh4 1-0

[Event "Maastricht Limburg op-C 4th"]
[Site "Maastricht"]
[Date "2010.05.23"]
[Round "5"]
[White "Van Broekhoven, Stefan"]
[Black "De Ridder, Gertie"]
[Result "1-0"]
[WhiteElo "1309"]
[BlackElo "1248"]
[PlyCount "39"]
[EventDate "2010.05.21"]
[EventType "swiss"]
[EventRounds "7"]
[EventCountry "NED"]
[SourceTitle "EXT 2011"]
[Source "ChessBase"]
[SourceDate "2010.11.26"]
[SourceVersion "1"]
[SourceVersionDate "2010.11.26"]
[SourceQuality "1"]

1. e4 e5 2. Nf3 Nc6 3. Bc4 Nf6 4. d3 d5 5. exd5 Na5 6. Nxe5 Qe7 7. 0-0 Qxe5 8. Re1 Qe7 9. Rxe7+ Bxe7 10. Qe1 h6 11. Qxa5 b6 12. Qe1 Bd7 13. Ba6 b5 14. Bf4 Nxd5 15. Bb7 Rb8 16. Bxd5 0-0 17. Qxe7 Rbe8 18. Qb4 c6 19. Be4 a6 20. Bd6 1-0

[Event "Maastricht Limburg op-C 4th"]
[Site "Maastricht"]
[Date "2010.05.21"]
[Round "1"]
[White "De Ridder, Gertie"]
[Black "Lennartz, Ludwig"]
[Result "0-1"]
[WhiteElo "1248"]
[BlackElo "1614"]
[PlyCount "78"]
[EventDate "2010.05.21"]
[EventType "swiss"]
[EventRounds "7"]
[EventCountry "NED"]
[SourceTitle "EXT 2011"]
[Source "ChessBase"]
[SourceDate "2010.11.26"]
[SourceVersion "1"]
[SourceVersionDate "2010.11.26"]
[SourceQuality "1"]

1. e4 c5 2. Nf3 d6 3. d4 cxd4 4. Nxd4 Nf6 5. Nc3 g6 6. Be3 Bg7 7. f3 0-0 8. Qd2 Nc6 9. Bc4 Bd7 10. 0-0-0 Qa5 11. h4 Rfc8 12. Nb3 Qd8 13. Bh6 Ne5 14. Bd5 Nc4 15. Bxc4 Rxc4 16. Bxg7 Kxg7 17. Nd4 Qa5 18. Nf5+ Bxf5 19. exf5 Qxf5 20. Qd3 Qxd3 21. Rxd3 Rac8 22. g4 Nd7 23. h5 h6 24. Re1 Ne5 25. Rde3 R8c5 26. R1e2 Rf4 27. Ne4 Ra5 28. a3 Rxf3 29. Rxf3 Nxf3 30. b4 Re5 31. Ng3 Rxe2 32. Nxe2 Ne5 33. Kd2 Nxg4 34. hxg6 Kxg6 35. Nf4+ Kf5 36. Nd5 e5 37. Ke2 h5 38. c4 e4 39. Ne3+ Nxe3 0-1